[Event "Napoli Vomero Inverno op 6th"]
[Site "Napoli"]
[Date "2011.01.14"]
[Round "1"]
[White "Avolio, Giovanni"]
[Black "Longobardi, Giuseppe"]
[Result "0-1"]
[WhiteElo "1808"]
[BlackElo "2033"]
[PlyCount "80"]
[EventDate "2011.01.14"]
[EventType "swiss"]
[EventRounds "7"]
[EventCountry "ITA"]
[SourceTitle "EXT 2012"]
[Source "ChessBase"]
[SourceDate "2011.11.24"]
[SourceVersion "1"]
[SourceVersionDate "2011.11.24"]
[SourceQuality "1"]

1. c4 c5 2. Nc3 Nc6 3. Nf3 Nf6 4. g3 g6 5. Bg2 Bg7 6. 0-0 0-0 7. d4 cxd4 8. Nxd4 Qb6 9. Nb3 d6 10. Be3 Qd8 11. Rc1 Be6 12. Nd5 Ng4 13. Bd2 Bxb2 14. h3 Bxc1 15. Qxc1 Nf6 16. Bh6 Re8 17. Qb2 Rb8 18. Bg5 Ne5 19. Qd4 Bxd5 20. cxd5 Qb6 21. Qf4 Ned7 22. e3 Rbc8 23. Nd4 Rc4 24. g4 Qc5 25. Bxf6 Nxf6 26. Qg5 Kh8 27. Nb3 Qb6 28. Rd1 Rec8 29. Bf3 Ng8 30. e4 Rc2 31. Rd2 Qc7 32. Qe3 Rxd2 33. Qxd2 Qc3 34. Qf4 a5 35. g5 a4 36. Nd2 Qc1+ 37. Kg2 Rc2 38. Qxf7 Qxd2 39. Bg4 Qxg5 40. Kh2 Qf6 0-1

[Event "Napoli Vomero Natale op 5th"]
[Site "Napoli"]
[Date "2009.12.10"]
[Round "6"]
[White "Messina, Enrico"]
[Black "Longobardi, Giuseppe"]
[Result "1-0"]
[WhiteElo "2119"]
[BlackElo "1985"]
[PlyCount "37"]
[EventDate "2009.11.05"]
[EventType "swiss"]
[EventRounds "7"]
[EventCountry "ITA"]
[SourceTitle "EXT 2012"]
[Source "ChessBase"]
[SourceDate "2011.11.24"]
[SourceVersion "1"]
[SourceVersionDate "2011.11.24"]
[SourceQuality "1"]

1. e4 e5 2. d4 exd4 3. Qxd4 Nc6 4. Qe3 b6 5. Nc3 Nb4 6. Qd2 Bb7 7. a3 Nc6 8. Bc4 Qe7 9. Nf3 Nf6 10. 0-0 Ne5 11. Ba2 Nxf3+ 12. gxf3 d6 13. Qd4 g6 14. Nd5 Bxd5 15. Bxd5 0-0-0 16. Bc6 Nd7 17. Bxd7+ Kxd7 18. Qxh8 f6 19. Qg8 1-0

[Event "Napoli Vomero Natale op 5th"]
[Site "Napoli"]
[Date "2009.11.19"]
[Round "3"]
[White "Longobardi, Giuseppe"]
[Black "Seletsky, Grigory"]
[Result "0-1"]
[WhiteElo "1985"]
[BlackElo "2345"]
[PlyCount "150"]
[EventDate "2009.11.05"]
[EventType "swiss"]
[EventRounds "7"]
[EventCountry "ITA"]
[SourceTitle "EXT 2012"]
[Source "ChessBase"]
[SourceDate "2011.11.24"]
[SourceVersion "1"]
[SourceVersionDate "2011.11.24"]
[SourceQuality "1"]

1. d4 c5 2. d5 e5 3. c4 d6 4. Nc3 Be7 5. e4 Bg5 6. Nf3 Bxc1 7. Rxc1 Ne7 8. Be2 0-0 9. 0-0 Ng6 10. Nd2 Nf4 11. Bf3 g6 12. Ne2 Nxe2+ 13. Bxe2 f5 14. Rc3 f4 15. Bg4 Nd7 16. Rh3 Nf6 17. Bxc8 Qxc8 18. Re1 g5 19. Rb3 g4 20. Nf1 Qd7 21. Rb5 a6 22. Rb6 Qc7 23. Rb3 Rf7 24. Qd2 h5 25. a4 b6 26. Qc2 Rb8 27. Nd2 Qd8 28. Qd3 Qe8 29. Ra3 Rg7 30. Nf1 Qg6 31. Rb3 Rgb7 32. g3 f3 33. h3 Kf7 34. h4 Qh7 35. Kh1 Ke8 36. Kg1 Qd7 37. Ra3 b5 38. axb5 axb5 39. Ne3 b4 40. Ra6 Ra7 41. Rea1 Rba8 42. Rxa7 Rxa7 43. Qb1 b3 44. Nf5 Rxa1 45. Qxa1 Nxe4 46. Qa8+ Kf7 47. Ne3 Nf6 48. Qb8 Kg6 49. Qxb3 e4 50. Kh2 Qe7 51. Kg1 Qe5 52. Qb8 Qe7 53. Qc8 Qe5 54. Qb8 Qd4 55. Qc8 Qe5 56. Qb8 Qe7 57. Qc8 Qd7 58. Qb8 Qa4 59. Kh2 Qa1 60. Qb3 Qe1 61. Qc2 Qe2 62. Kg1 Kf7 63. b3 Kg6 64. Qb1 Qd2 65. Qc2 Qe1+ 66. Kh2 Kf7 67. Qa2 Qe2 68. Qc2 Nd7 69. Kg1 Ne5 70. Qxe4 Qe1+ 71. Kh2 Qxf2+ 72. Kh1 Qe1+ 73. Kh2 f2 74. Qf5+ Ke8 75. Qe6+ Kd8 0-1

[Event "Napoli Vomero Settembre op 6th"]
[Site "Napoli"]
[Date "2009.10.22"]
[Round "6"]
[White "Longobardi, Giuseppe"]
[Black "De Rosa, Mariagrazia"]
[Result "1-0"]
[WhiteElo "1985"]
[BlackElo "2101"]
[PlyCount "93"]
[EventDate "2009.09.10"]
[EventType "swiss"]
[EventRounds "6"]
[EventCountry "ITA"]
[SourceTitle "EXT 2011"]
[Source "ChessBase"]
[SourceDate "2010.11.26"]
[SourceVersion "1"]
[SourceVersionDate "2010.11.26"]
[SourceQuality "1"]

1. d4 Nf6 2. c4 c5 3. Nf3 cxd4 4. Nxd4 Nc6 5. Nc3 g6 6. g3 Bg7 7. Bg2 0-0 8. 0-0 a6 9. Rb1 Qc7 10. h3 d6 11. Be3 Nxd4 12. Qxd4 Be6 13. c5 Ng4 14. cxd6 Bxd4 15. dxc7 Nxe3 16. fxe3 Bxe3+ 17. Kh2 Ra7 18. Nd5 Bxd5 19. Bxd5 e6 20. Bxe6 Raa8 21. c8Q Raxc8 22. Bxc8 Rxc8 23. Rf3 Bh6 24. Rc3 Re8 25. Rc2 Be3 26. Kg2 h5 27. Rd1 Re5 28. Rd3 Kg7 29. Rc7 b6 30. Rc2 Bc5 31. g4 h4 32. Kf3 Kf6 33. e4 Kg5 34. Rd5 Rxd5 35. exd5 f5 36. gxf5 gxf5 37. Re2 Kf6 38. Re6+ Kf7 39. Kf4 Bd4 40. b3 a5 41. a4 Bc5 42. Kxf5 Bb4 43. d6 Bc5 44. d7 Be7 45. Rxb6 Bd8 46. Re6 Bc7 47. Re8 1-0

[Event "Napoli Vomero Primavera op-A 5th"]
[Site "Napoli"]
[Date "2008.04.03"]
[Round "2"]
[White "Longobardi, Giuseppe"]
[Black "Gallo, Thomas Renato"]
[Result "1/2-1/2"]
[WhiteElo "1976"]
[BlackElo "1885"]
[PlyCount "75"]
[EventDate "2008.03.27"]
[EventType "swiss"]
[EventRounds "7"]
[EventCountry "ITA"]
[SourceTitle "EXT 2011"]
[Source "ChessBase"]
[SourceDate "2010.11.26"]
[SourceVersion "1"]
[SourceVersionDate "2010.11.26"]
[SourceQuality "1"]

1. c4 Nf6 2. d4 d6 3. Nc3 g6 4. g3 Bg7 5. Bg2 0-0 6. Nf3 Nbd7 7. 0-0 c6 8. h3 e5 9. dxe5 Nxe5 10. Nxe5 dxe5 11. Qc2 Be6 12. b3 Qc7 13. Be3 Nd7 14. Ne4 b6 15. Rad1 Rad8 16. Qc1 Nf6 17. Bg5 Rxd1 18. Rxd1 Nxe4 19. Bxe4 Bxh3 20. Kh2 Be6 21. Rh1 f5 22. Bg2 f4 23. gxf4 exf4 24. Kg1 Rf5 25. Bh6 Bxh6 26. Rxh6 Kg7 27. Rh1 c5 28. Kf1 Qe5 29. Bf3 Rf7 30. Bc6 Bc8 31. Bd5 Rd7 32. Qc2 Bb7 33. Bxb7 Rxb7 34. Qd2 Re7 35. Rh3 Qe4 36. Qc3+ Qe5 37. Qc2 Qe4 38. Qc3+ 1/2-1/2

[Event "Napoli Vomero Natale op 4h"]
[Site "Napoli"]
[Date "2007.12.27"]
[Round "7"]
[White "Della Ragione, Achille"]
[Black "Longobardi, Giuseppe"]
[Result "0-1"]
[WhiteElo "1997"]
[BlackElo "2017"]
[PlyCount "72"]
[EventDate "2007.11.15"]
[EventType "swiss"]
[EventRounds "7"]
[EventCountry "ITA"]
[SourceTitle "EXT 2010"]
[Source "ChessBase"]
[SourceDate "2010.11.25"]
[SourceVersion "1"]
[SourceVersionDate "2010.11.25"]
[SourceQuality "1"]

1. c4 f5 2. d4 Nf6 3. Nc3 e6 4. g3 c6 5. Nf3 d5 6. b3 Bd6 7. Bg2 0-0 8. 0-0 Qe8 9. Bb2 Qh5 10. e3 Nbd7 11. Nh4 Qh6 12. cxd5 Nxd5 13. Nxd5 exd5 14. f4 Qe6 15. Re1 Nf6 16. Nf3 Bd7 17. a3 a5 18. Ne5 Rfc8 19. Rc1 Qe7 20. Ra1 Be8 21. Bf3 Bd7 22. h3 Be6 23. Kf2 c5 24. g4 cxd4 25. exd4 Rc7 26. Re2 Ne4+ 27. Bxe4 Qh4+ 28. Kg2 Bxe5 29. dxe5 dxe4 30. Qd6 Rc6 31. Qd2 fxg4 32. hxg4 Qxg4+ 33. Kh1 Qf3+ 34. Kg1 Bxb3 35. Qe3 Rg6+ 36. Kh2 Rh6+ 0-1

[Event "Napoli Vomero Natale op 4h"]
[Site "Napoli"]
[Date "2007.12.06"]
[Round "4"]
[White "Schiappoli, Dario"]
[Black "Longobardi, Giuseppe"]
[Result "0-1"]
[WhiteElo "1929"]
[BlackElo "2017"]
[PlyCount "73"]
[EventDate "2007.11.15"]
[EventType "swiss"]
[EventRounds "7"]
[EventCountry "ITA"]
[SourceTitle "EXT 2010"]
[Source "ChessBase"]
[SourceDate "2010.11.25"]
[SourceVersion "1"]
[SourceVersionDate "2010.11.25"]
[SourceQuality "1"]

1. e4 e5 2. f4 d6 3. Bc4 Nf6 4. Nc3 Nc6 5. Nf3 Bg4 6. h3 Bxf3 7. Qxf3 Nd4 8. Qd3 c6 9. a4 a5 10. 0-0 Be7 11. Nd1 Qb6 12. Kh2 exf4 13. c3 Nb3 14. Bxb3 Qxb3 15. Qf3 Qe6 16. Qxf4 Qxe4 17. Qxe4 Nxe4 18. Re1 Nc5 19. d4 Nb3 20. Rb1 Nxc1 21. Rxc1 d5 22. Nf2 Kd7 23. Ng4 f6 24. Kg3 Bd6+ 25. Kf3 Rhe8 26. Ne3 Re6 27. Nf5 Rxe1 28. Rxe1 Bf8 29. g4 Re8 30. Rd1 g6 31. Ng3 Bh6 32. Nf1 Kd6 33. b4 axb4 34. cxb4 b6 35. Kf2 Ra8 36. Ra1 c5 37. b5 0-1

[Event "Napoli Natale al Vomero 2nd"]
[Site "Napoli"]
[Date "2005.11.24"]
[Round "4"]
[White "Longobardi, Giuseppe"]
[Black "De Rosa, Mariagrazia"]
[Result "0-1"]
[WhiteElo "1909"]
[BlackElo "2100"]
[PlyCount "93"]
[EventDate "2005.11.03"]
[EventType "swiss"]
[EventRounds "6"]
[EventCountry "ITA"]
[SourceTitle "EXT 2018"]
[Source "ChessBase"]
[SourceDate "2017.10.13"]
[SourceVersion "1"]
[SourceVersionDate "2017.10.13"]
[SourceQuality "1"]

1. d4 c5 2. c3 b6 3. Nf3 Bb7 4. g3 f5 5. Bg2 Nf6 6. 0-0 g6 7. dxc5 bxc5 8. Qb3 Bd5 9. c4 Bc6 10. Nc3 Na6 11. Ne5 Bxg2 12. Kxg2 Bg7 13. Rd1 Qb6 14. Qa4 Rd8 15. Kg1 Qb7 16. Qb5 Qc8 17. Bg5 Ne4 18. Nxe4 Bxe5 19. Nc3 Nb4 20. Rd2 Kf7 21. a3 Na6 22. Rad1 d6 23. Nd5 Rd7 24. f4 Bd4+ 25. e3 Bg7 26. Bxe7 Rxe7 27. Nxe7 Kxe7 28. Rxd6 Nb8 29. b4 Bd4 30. Rd5 Bxe3+ 31. Kg2 Kf7 32. bxc5 Re8 33. Kh3 h5 34. c6 Qxc6 35. Rd7+ Kg8 36. Qxc6 Nxc6 37. R7d6 Ne7 38. a4 Kf7 39. Re1 Bc5 40. Rd7 Rc8 41. Kh4 a5 42. Re5 Bb4 43. c5 Bxc5 44. Rb7 Bb4 45. Re2 Rc4 46. Ra7 Re4 47. Rc2 0-1

[Event "Napoli Natale al Vomero 2nd"]
[Site "Napoli"]
[Date "2005.11.17"]
[Round "3"]
[White "Altieri, Danilo Mario"]
[Black "Longobardi, Giuseppe"]
[Result "0-1"]
[WhiteElo "2012"]
[BlackElo "1909"]
[PlyCount "106"]
[EventDate "2005.11.03"]
[EventType "swiss"]
[EventRounds "6"]
[EventCountry "ITA"]
[SourceTitle "EXT 2018"]
[Source "ChessBase"]
[SourceDate "2017.10.13"]
[SourceVersion "1"]
[SourceVersionDate "2017.10.13"]
[SourceQuality "1"]

1. d4 Nf6 2. Nf3 g6 3. Bg5 Bg7 4. e3 d5 5. Bd3 0-0 6. Nbd2 Nbd7 7. c3 b6 8. e4 dxe4 9. Nxe4 Bb7 10. Qc2 c5 11. dxc5 Nxe4 12. Bxe4 Bxe4 13. Qxe4 Nxc5 14. Qc2 Qd3 15. Qd2 Qe4+ 16. Qe3 Nd3+ 17. Ke2 Qxe3+ 18. fxe3 Nxb2 19. Bxe7 Rfe8 20. Bg5 Bxc3 21. Rac1 Na4 22. Rhd1 Bb2 23. Rc7 Nc3+ 24. Rxc3 Bxc3 25. Rd7 b5 26. Bh6 Bg7 27. Bxg7 Kxg7 28. Ng5 Rf8 29. Ne6+ Kg8 30. Nxf8 Kxf8 31. Rb7 a6 32. g4 h6 33. h4 Rc8 34. Kd3 Rc4 35. e4 Ra4 36. h5 gxh5 37. gxh5 Rxa2 38. Rb6 Kg7 39. Ke3 Ra4 40. e5 Rh4 41. Rxa6 Rxh5 42. Kf4 b4 43. e6 fxe6 44. Rxe6 Rb5 45. Re1 b3 46. Rg1+ Kf6 47. Rh1 b2 48. Rb1 h5 49. Kf3 Kf5 50. Ke2 h4 51. Kd2 h3 52. Kc2 h2 53. Rh1 b1Q+ 0-1